00494nam a2200169Ia 450000500170000000800410001704000190005804100120007708200250008910000160011424500470013026000370017730000100021465000670022465100230029185000100031420230523130559.0131103s9999 xx 000 0 und d aLoreto College aEnglish aTAG 891.442bTAG-SEN aSen, Ashoke aRabindranathb sanketik natak cAshoke Sen aCalcuttabA. R. Mukherjeec[19-] a219p  aTagore, Rabindranath, 1861-1941 - Criticism and Interpretation aBengali Literature aLCLIB